000 00653nam a2200193 u 4500
005 20231115063604.0
008 190909s2012 mx r 000 0 spa d
035 _aUPN01000232730
049 _aCG
050 4 _aLC5153 M6
_bS5.7
245 0 0 _aSistema nacional de control escolar de población migrante :
_bmanual del usuario : perfil : enlace SINACEM.
260 _aMéxico :
_bSEP, Dirección General de Educación Indígena,
_c[2012].
300 _a224 p. :
_bgráfs., tablas
500 _a"SINACEM v2.0"
500 _aEngargolado
650 4 _aHijos de migrantes internos
_xEducación
_zMéxico
_927662
905 _aLibro
999 _c204825
_d204825